Skyward Sword Characters Quiz Stats

 Plays Quiz not verified by Sporcle

Challenge
Share
Tweet
Embed
Score 0/36 Timer 20:00
0 Plays Today
% Correct
Link
100%
Zelda
100%
Demise
92.6%
Ghirahim
85.2%
Groose
85.2%
Impa
74.1%
Fi
70.4%
Pipit
66.7%
Scrapper
66.7%
Gaepora
63%
Cawlin
59.3%
Strich
55.6%
Batreaux
51.9%
Fledge
51.9%
Gondo
48.1%
Gorko
48.1%
Owlan
44.4%
Horwell
44.4%
% Correct
Beedle
44.4%
Faron
44.4%
Eldin
44.4%
Lanayru
44.4%
Peatrice
40.7%
Karane
40.7%
Sparrot
37%
Rupin
37%
Hylia
33.3%
Luv
33.3%
Bertie
33.3%
Dodoh
33.3%
Bucha
29.6%
Eagus
29.6%
Gully
25.9%
Mia
22.2%
Henya
18.5%
14.8%

You're not logged in!

Compare scores with friends on all Sporcle quizzes.
Join for Free
OR
Log In

You Might Also Like...

Show Comments

Extras

Top Quizzes Today


Score Distribution

Your Account Isn't Verified!

In order to create a playlist on Sporcle, you need to verify the email address you used during registration. Go to your Sporcle Settings to finish the process.

Report this User

Report this user for behavior that violates our Community Guidelines.

Details: